Sportives et sportifs entre 1960 et 2000 - Statistiques

Statistiques générales
  • Ce quiz a été pris 38 fois
  • Le résultat moyen est 3 sur 16
Statistiques - réponses
Par images Réponse % Correct
Mohamed Ali
94%
André le Geant
33%
Steffi Graf
33%
Carl Lewis
28%
Nadia Comaneci
28%
Ben Johnson
19%
Jackie Stewart
19%
Katarina Witt
17%
Martina Navratilova
17%
Graham Hill
11%
Stephen Roche
11%
Fabrice Benichou
6%
Robert Duranton
3%
Elvis Stojko
0%
Joey Dunlop
0%
Laeticia Hubert
0%
Aucun quiz correspondant
Distribution des résultats
% des personnes avec chaque résultat
Percentile par nombre de réponses
Votre historique - résultats
Vous n’avez pas pris ce quiz